| 000 | 01164nas a2200349 4500 | ||
|---|---|---|---|
| 001 | BR2013004577 | ||
| 003 | BR-BrBNA | ||
| 005 | 20231205122443.0 | ||
| 007 | ta | ||
| 008 | 230509b bl.|||p| |||| 00| 00por d | ||
| 040 |
_aBR-BrBNA _bpor _cBiblioteca Nacional de Agricultura |
||
| 041 | _a(Pt) | ||
| 072 | _aQ04; P40 | ||
| 100 | 1 | _aRoma Júnior, L.C. | |
| 100 | 1 | _aMontoya, J.F.G. | |
| 100 | 1 | _aMartins, T.T. | |
| 100 | 1 | _aCassoli, L.D. | |
| 100 | 1 | _aMachado, P.F. | |
| 100 | 1 | _a | |
| 100 | 1 | _a | |
| 245 | 1 | _aSazonalidade do teor de proteína e outros componentes do leite e sua relação com programa de pagamento por qualidade | |
| 246 | 1 | _aSeasonability of protein and others milk components related with quality payment program | |
| 650 | _aLEITE | ||
| 650 | _aPROTEÍNA | ||
| 650 | _aQUALIDADE | ||
| 650 | _aCONDIÇÃO AMBIENTAL | ||
| 650 | _aCLIMA | ||
| 773 | 0 |
_tArquivo Brasileiro de Medicina Veterinária e Zootecnia (Brazil) _xISSN 0102-0935 _g(Dec 2009), v. 61(6) p. 1411-1418 _wBR2013004577 |
|
| 856 | 4 | 0 | _uhttp://www.scielo.br/pdf/abmvz/v61n6/v61n6a22.pdf |
| 909 |
_a202311 _bLúcia _c55 _dLúcia Elande |
||
| 942 |
_2AGRIS _n0 _cANA |
||
| 999 |
_c228728 _d228728 |
||